Readings for our times / (Record no. 21094)
[ view plain ]
| 000 -LEADER | |
|---|---|
| fixed length control field | 01045cam a22003011 4500 |
| 001 - CONTROL NUMBER | |
| control field | 21094 |
| 003 - CONTROL NUMBER IDENTIFIER | |
| rucl marc code | BD-RjUL |
| 005 - DATE AND TIME OF LATEST TRANSACTION | |
| control field | 20211209000640.0 |
| 008 - FIXED-LENGTH DATA ELEMENTS--GENERAL INFORMATION | |
| fixed length control field | 140303s1948 mau 000 0 eng d |
| 035 ## - SYSTEM CONTROL NUMBER | |
| System control number | (BD-RjUL)21158 |
| System control number | (OCoLC)5060750 |
| 040 ## - CATALOGING SOURCE | |
| Original cataloging agency | DLC |
| Transcribing agency | IaDaMC |
| Modifying agency | DLC |
| -- | BD-RjUL |
| Language of cataloging | eng |
| 041 ## - LANGUAGE CODE | |
| Language code of text/sound track or separate title | eng |
| 080 ## - UNIVERSAL DECIMAL CLASSIFICATION NUMBER | |
| Universal Decimal Classification number | 808.8 |
| 082 00 - DEWEY DECIMAL CLASSIFICATION NUMBER | |
| Classification number | 824 |
| Author mark and year | BLR V-1 1948 |
| 100 1# - MAIN ENTRY--PERSONAL NAME | |
| Personal name | Blodgett, Harold William, |
| Dates associated with a name | 1900- |
| 9 (RLIN) | 65194 |
| 245 10 - TITLE STATEMENT | |
| Title | Readings for our times / |
| Statement of responsibility, etc. | by Harold Blodgett and Burges Johnson. |
| Number of part/section of a work | Volume 1 : |
| Remainder of title | Essential Values People Present Issues Language and Literature Essays |
| 250 ## - EDITION STATEMENT | |
| Edition statement | 2nd Ed |
| 260 ## - PUBLICATION, DISTRIBUTION, ETC. (IMPRINT) | |
| Place of publication, distribution, etc. | Boston : |
| Name of publisher, distributor, etc. | Ginn, |
| Date of publication, distribution, etc. | 1948 |
| 300 ## - PHYSICAL DESCRIPTION | |
| Pagination | x,646p. ; |
| Size | 24 cm. |
| 504 ## - BIBLIOGRAPHY, ETC. NOTE | |
| Bibliography, etc | Includes Index |
| 505 0# - FORMATTED CONTENTS NOTE | |
| Formatted contents note | v. 1. Essential values. People. Present issues. Language and literature. Essays.--v. 2. Novelettes. Short stories. Poetry. Drama. |
| 650 #0 - SUBJECT ADDED ENTRY--TOPICAL TERM | |
| Topical term or geographic name as entry element | Literature |
| General subdivision | Collections. |
| 9 (RLIN) | 65195 |
| 700 1# - ADDED ENTRY--PERSONAL NAME | |
| Personal name | Johnson, Burges, |
| Dates associated with a name | 1877-1963, |
| Relator term | joint ed. |
| 942 ## - ADDED ENTRY ELEMENTS (KOHA) | |
| Source of classification or shelving scheme | Dewey Decimal Classification |
| Koha item type | Books |
| Lost status | Source of classification or shelving scheme | Damaged status | Not for loan | Collection code | Permanent Location | Current Location | Shelving location | Date acquired | Source of acquisition | Total Checkouts | Full call number | Date last seen | Copy number | Koha item type |
|---|---|---|---|---|---|---|---|---|---|---|---|---|---|---|
| Dewey Decimal Classification | Added to bundle | Fiction | Central Library, University of Rajshahi | Central Library, University of Rajshahi | Reading Room | 24/02/1958 | U.S.I.S Gift | 824 BLR V-1 1948 | 03/03/2014 | C-1 | Books |